Statistiques concernant Culture Générale - Série 1807

Cliquez ici pour prendre le quiz!

Statistiques générales

  • Ce quiz a été pris 91 fois
  • Le résultat moyen est 4 sur 10

Statistiques - réponses

QuestionRéponse% Correct
Quelle est la capitale de la Lituanie ?Vilnius
91%
Sous quel nom anglais connait-on mieux l'atoca ou canneberge, la grande airelle rouge d’Amérique du Nord ?cranberry
57%
Dans quel département français se trouve le zoo de Thoiry ?Yvelines
45%
Quel pays européen n'a pas de paroles à son hymne national ?Espagne
43%
En 1851, quel animal a été choisi comme icône du premier timbre-poste canadien ?castor
33%
Dans quelle ville de Belgique s'est déroulé du 28 septembre au 5 octobre 2018, la 33° édition du festival international du Film Francophone ? Namur
26%
Sous quel nom connait-on mieux le chanteur de rock français Hervé Forneri ?Dick Rivers
24%
Quelle est la capitale de l'État du Wisconsin aux Etats Unis ?Madison
22%
Le lac de Lugano est partagé entre l'Italie et la Suisse. En Suisse, dans quel canton se trouve-t-il ?Tessin
20%
En 1968 quel coureur cycliste a remporté le tour de France avec 38 secondes d'avance sur le second Van Springel ?Jan Janssen
5%

Distribution des résultats

Percentile par nombre de réponses

% des personnes avec chaque résultat

Votre développement - résultats

Vous n’avez pas pris ce quiz